[Event "FICGS no engines 00 email"]
[Site "FICGS email"]
[Date "2015.05.27"]
[Round "1"]
[White "Reboredo, Daniel"]
[Black "Russi Roman, Tano Urayoan"]
[Result "1/2-1/2"]
[WhiteElo "1942"]
[BlackElo "2091"]
[PlyCount "25"]
[EventDate "2015.??.??"]
[EventType "swiss (corr)"]
[EventRounds "1"]
[SourceTitle "Corr 2022"]
[Source "ChessBase"]
[SourceDate "2021.10.24"]
[SourceVersion "1"]
[SourceVersionDate "2021.10.24"]
[SourceQuality "1"]

1. e4 e5 2. Nf3 Nf6 3. Nxe5 d6 4. Nf3 Nxe4 5. Qe2 Qe7 6. d3 Nf6 7. Bg5 Qxe2+ 8. Bxe2 Be7 9. Nc3 h6 10. Be3 c6 11. 0-0 Nbd7 12. Rfe1 0-0 13. Rad1 1/2-1/2

[Event "FICGS no engines 00 email"]
[Site "FICGS email"]
[Date "2015.05.27"]
[Round "1"]
[White "Russi Roman, Tano Urayoan"]
[Black "Foster, Duncan"]
[Result "1-0"]
[WhiteElo "2091"]
[BlackElo "1482"]
[PlyCount "41"]
[EventDate "2015.??.??"]
[EventType "swiss (corr)"]
[EventRounds "1"]
[SourceTitle "Corr 2022"]
[Source "ChessBase"]
[SourceDate "2021.10.24"]
[SourceVersion "1"]
[SourceVersionDate "2021.10.24"]
[SourceQuality "1"]

1. c4 b6 2. e4 Bb7 3. d3 g6 4. Nc3 Bg7 5. Nge2 e6 6. g3 h6 7. Bg2 d6 8. h4 Ne7 9. Bd2 0-0 10. Qc2 Nd7 11. 0-0-0 Ne5 12. Rhf1 a6 13. f3 Kh7 14. Bh3 c5 15. f4 N5c6 16. f5 exf5 17. exf5 Nd4 18. Nxd4 Bxd4 19. Ne2 Be5 20. Bc3 Qd7 21. fxg6+ 1-0

[Event "Mem Rabell Mendez Grupo B"]
[Site "San Sebastian"]
[Date "2014.01.19"]
[Round "4"]
[White "Russi Roman, Tano Urayoan"]
[Black "Ortiz Ocasio, Jose Antonio"]
[Result "0-1"]
[WhiteElo "1786"]
[BlackElo "1715"]
[PlyCount "62"]
[EventDate "2014.01.17"]
[EventType "swiss"]
[EventRounds "5"]
[EventCountry "PUR"]
[SourceTitle "EXT 2024"]
[Source "ChessBase"]
[SourceDate "2023.10.10"]
[SourceVersion "1"]
[SourceVersionDate "2023.10.10"]
[SourceQuality "1"]

1. b3 d5 2. Bb2 Bg4 3. h3 Bh5 4. g3 e6 5. Bg2 Nf6 6. Nf3 Be7 7. 0-0 Nbd7 8. d3 c5 9. Nbd2 Bxf3 10. Bxf3 Qc7 11. e4 0-0 12. Qe2 Bd6 13. Kh2 Rae8 14. Rfe1 Ne5 15. Bg2 d4 16. f4 Nfd7 17. fxe5 Bxe5 18. Nf1 f5 19. Bc1 Rf7 20. exf5 Rxf5 21. Be4 Rf7 22. Bg2 Ref8 23. Bf4 Bxf4 24. gxf4 Qxf4+ 25. Kh1 Rf6 26. Bxb7 Nb6 27. Bg2 Kh8 28. Qe5 Qh6 29. Re2 Nd5 30. Bxd5 Qxh3+ 31. Qh2 Rxf1+ 0-1

[Event "FICGS W-ch st2 g01 email"]
[Site "FICGS email"]
[Date "2012.01.12"]
[Round "1"]
[White "Markus, Roland"]
[Black "Russi Roman, Tano Urayoan"]
[Result "1-0"]
[WhiteElo "2076"]
[BlackElo "2070"]
[PlyCount "47"]
[EventDate "2012.??.??"]
[EventType "tourn (corr)"]
[EventRounds "8"]
[SourceTitle "Corr 2022"]
[Source "ChessBase"]
[SourceDate "2021.10.24"]
[SourceVersion "1"]
[SourceVersionDate "2021.10.24"]
[SourceQuality "1"]

1. d4 Nf6 2. Nf3 c5 3. c4 cxd4 4. Nxd4 e5 5. Nb5 d5 6. cxd5 Bc5 7. N5c3 0-0 8. e3 e4 9. Nd2 Qe7 10. Be2 Rd8 11. a3 Nxd5 12. Ncxe4 Nxe3 13. fxe3 Bxe3 14. Qb3 Bxd2+ 15. Nxd2 Nc6 16. Nf3 Re8 17. 0-0 Qc5+ 18. Kh1 Rxe2 19. Nd4 Re7 20. Nxc6 Qxc6 21. Bg5 Re6 22. Rac1 Qe8 23. Bh4 h6 24. Kg1 1-0

[Event "FICGS W-ch st2 g01 email"]
[Site "FICGS email"]
[Date "2012.01.12"]
[Round "1"]
[White "Sanchez, Carlos Fernando"]
[Black "Russi Roman, Tano Urayoan"]
[Result "1/2-1/2"]
[WhiteElo "2168"]
[BlackElo "2070"]
[PlyCount "47"]
[EventDate "2012.??.??"]
[EventType "tourn (corr)"]
[EventRounds "8"]
[SourceTitle "Corr 2022"]
[Source "ChessBase"]
[SourceDate "2021.10.24"]
[SourceVersion "1"]
[SourceVersionDate "2021.10.24"]
[SourceQuality "1"]

1. c4 c5 2. g3 Nc6 3. Nf3 g6 4. Bg2 Bg7 5. Nc3 e6 6. 0-0 Nge7 7. d3 0-0 8. Bd2 d5 9. a3 b6 10. Rb1 Bb7 11. b4 cxb4 12. axb4 dxc4 13. dxc4 Rc8 14. c5 bxc5 15. bxc5 Na5 16. Nb5 Rxc5 17. Qa4 Bc6 18. Bxa5 Qd7 19. Rfd1 Bxb5 20. Rxd7 Bxa4 21. Bb4 Rb8 22. Rxa7 Rcb5 23. Rxa4 Nd5 24. Bf1 1/2-1/2

[Event "FICGS theme 0001 email"]
[Site "FICGS email"]
[Date "2011.11.22"]
[Round "1"]
[White "Russi Roman, Tano Urayoan"]
[Black "Stacey, Alan"]
[Result "1-0"]
[WhiteElo "2013"]
[BlackElo "1876"]
[PlyCount "41"]
[EventDate "2011.??.??"]
[EventType "swiss (corr)"]
[EventRounds "1"]
[SourceTitle "Corr 2013"]
[Source "ChessBase"]
[SourceDate "2012.11.12"]
[SourceVersion "1"]
[SourceVersionDate "2012.11.12"]
[SourceQuality "1"]

1. d4 Nf6 2. c4 c5 3. d5 b5 4. cxb5 a6 5. bxa6 Bxa6 6. Nc3 d6 7. e4 Bxf1 8. Kxf1 g6 9. g3 Bg7 10. Kg2 0-0 11. Nf3 Qb6 12. Re1 Nbd7 13. h3 e6 14. dxe6 fxe6 15. a4 Ne8 16. Nb5 Ne5 17. Ra3 Nxf3 18. Rxf3 Rxf3 19. Qxf3 Nc7 20. Qb3 d5 21. exd5 1-0

[Event "FICGS W-ch st1 g15 email"]
[Site "FICGS email"]
[Date "2011.04.15"]
[Round "1"]
[White "Martinez, Chapo"]
[Black "Russi Roman, Tano Urayoan"]
[Result "1/2-1/2"]
[WhiteElo "1955"]
[BlackElo "2013"]
[PlyCount "75"]
[EventDate "2011.??.??"]
[EventType "tourn (corr)"]
[EventRounds "8"]
[SourceTitle "Corr 2013"]
[Source "ChessBase"]
[SourceDate "2012.11.12"]
[SourceVersion "1"]
[SourceVersionDate "2012.11.12"]
[SourceQuality "1"]

1. d4 Nf6 2. c4 c5 3. d5 b5 4. cxb5 a6 5. bxa6 g6 6. Nc3 Bxa6 7. e4 Bxf1 8. Kxf1 d6 9. g3 Bg7 10. Kg2 0-0 11. Nf3 Nbd7 12. Re1 Ra6 13. h3 Qa8 14. Bg5 Rb8 15. Qc2 h6 16. Be3 Ne8 17. a3 Nc7 18. Nd2 Nb6 19. Rab1 e6 20. dxe6 Nxe6 21. h4 Rd8 22. Rbd1 Ra7 23. Nf3 d5 24. Nxd5 Nxd5 25. exd5 Rxd5 26. Rxd5 Qxd5 27. Rd1 Qc6 28. Rd2 Ra5 29. Qc4 h5 30. b4 Rxa3 31. bxc5 Bf8 32. Qd5 Qxd5 33. Rxd5 Ra5 34. Ng5 Nxc5 35. Rd8 Rb5 36. Kh3 Ra5 37. Kh2 Rb5 38. Kh3 1/2-1/2

[Event "FICGS W-ch st1 g15 email"]
[Site "FICGS email"]
[Date "2011.04.15"]
[Round "1"]
[White "Pech, Jaroslav Sr"]
[Black "Russi Roman, Tano Urayoan"]
[Result "0-1"]
[WhiteElo "865"]
[BlackElo "2013"]
[PlyCount "44"]
[EventDate "2011.??.??"]
[EventType "tourn (corr)"]
[EventRounds "8"]
[SourceTitle "Corr 2013"]
[Source "ChessBase"]
[SourceDate "2012.11.12"]
[SourceVersion "1"]
[SourceVersionDate "2012.11.12"]
[SourceQuality "1"]

1. e4 e6 2. d4 d5 3. Nd2 Be7 4. Ngf3 Nf6 5. Bd3 c5 6. exd5 Qxd5 7. dxc5 Nbd7 8. Nb3 Nxc5 9. Nxc5 Qxc5 10. 0-0 0-0 11. Qe2 b6 12. Bf4 Bb7 13. Rad1 Rfd8 14. Rfe1 Qc6 15. c3 a6 16. Be5 b5 17. h3 Rac8 18. Qe3 Nd7 19. Bd4 h6 20. Qf4 Qc7 21. Qxc7 Rxc7 22. Be4 Bxe4 0-1

[Event "FICGS W-ch st1 g23 email"]
[Site "FICGS email"]
[Date "2010.08.13"]
[Round "1"]
[White "Cabrera Trujillo, Claudio Tomas"]
[Black "Russi Roman, Tano Urayoan"]
[Result "1-0"]
[WhiteElo "1398"]
[BlackElo "1995"]
[PlyCount "61"]
[EventDate "2010.??.??"]
[EventType "tourn (corr)"]
[EventRounds "6"]
[SourceTitle "Corr 2013"]
[Source "ChessBase"]
[SourceDate "2012.11.12"]
[SourceVersion "1"]
[SourceVersionDate "2012.11.12"]
[SourceQuality "1"]

1. Nf3 d6 2. d4 Nf6 3. c4 Nbd7 4. Nc3 e5 5. g3 Be7 6. Bg2 0-0 7. 0-0 c6 8. h3 Re8 9. dxe5 dxe5 10. Qc2 Qc7 11. b3 Nc5 12. Bb2 a5 13. Rad1 Bf8 14. a3 Qb6 15. Na4 Nxa4 16. bxa4 Nd7 17. Bc3 Bxa3 18. Rb1 Qd8 19. Rfd1 Qe7 20. Qd2 e4 21. Nd4 e3 22. Qxe3 Qxe3 23. fxe3 Rxe3 24. Rd3 Rxd3 25. exd3 Nc5 26. Re1 f6 27. Bf1 Nxa4 28. Ba1 Bd6 29. Kf2 Nc5 30. Re8+ Kf7 31. Rd8 1-0

[Event "FICGS theme 0000 email"]
[Site "FICGS email"]
[Date "2009.12.02"]
[Round "1"]
[White "Russi Roman, Tano Urayoan"]
[Black "Holak, Stephen"]
[Result "1/2-1/2"]
[WhiteElo "1995"]
[BlackElo "1458"]
[PlyCount "25"]
[EventDate "2009.??.??"]
[EventType "swiss (corr)"]
[EventRounds "1"]
[SourceTitle "Corr 2022"]
[Source "ChessBase"]
[SourceDate "2021.10.24"]
[SourceVersion "1"]
[SourceVersionDate "2021.10.24"]
[SourceQuality "1"]

1. d4 Nf6 2. c4 g6 3. Nc3 d5 4. cxd5 Nxd5 5. e4 Nxc3 6. bxc3 Bg7 7. Bg5 c5 8. Rc1 0-0 9. Nf3 Qa5 10. Qd2 cxd4 11. cxd4 Qxd2+ 12. Kxd2 Bg4 13. d5 1/2-1/2

[Event "FICGS theme 0000 email"]
[Site "FICGS email"]
[Date "2009.12.02"]
[Round "1"]
[White "Russi Roman, Tano Urayoan"]
[Black "Parmet, Daniel Edward"]
[Result "1-0"]
[WhiteElo "1995"]
[BlackElo "1962"]
[PlyCount "45"]
[EventDate "2009.??.??"]
[EventType "swiss (corr)"]
[EventRounds "1"]
[SourceTitle "Corr 2022"]
[Source "ChessBase"]
[SourceDate "2021.10.24"]
[SourceVersion "1"]
[SourceVersionDate "2021.10.24"]
[SourceQuality "1"]

1. d4 Nf6 2. c4 g6 3. Nc3 d5 4. cxd5 Nxd5 5. e4 Nxc3 6. bxc3 c5 7. Bb5+ Bd7 8. Be2 Bg7 9. Nf3 cxd4 10. cxd4 Bc6 11. Qd3 0-0 12. Rb1 Nd7 13. 0-0 Rc8 14. d5 Ba4 15. Qe3 Nb6 16. Bb2 Bxb2 17. Rxb2 Qd6 18. Qh6 f6 19. Nd4 Qe5 20. Ne6 Rf7 21. Rb4 Bd7 22. Bg4 Be8 23. f4 1-0

[Event "FICGS theme 0000 email"]
[Site "FICGS email"]
[Date "2009.12.02"]
[Round "1"]
[White "Thangaraj, Prabu"]
[Black "Russi Roman, Tano Urayoan"]
[Result "0-1"]
[WhiteElo "1800"]
[BlackElo "1995"]
[PlyCount "22"]
[EventDate "2009.??.??"]
[EventType "swiss (corr)"]
[EventRounds "1"]
[SourceTitle "Corr 2022"]
[Source "ChessBase"]
[SourceDate "2021.10.24"]
[SourceVersion "1"]
[SourceVersionDate "2021.10.24"]
[SourceQuality "1"]

1. d4 Nf6 2. c4 g6 3. Nc3 d5 4. c5 Bg7 5. h3 0-0 6. g4 Nc6 7. Bg2 Ne4 8. Nxe4 dxe4 9. e3 f5 10. h4 e5 11. Qb3+ Kh8 0-1

[Event "FICGS W-ch st2 g01 email"]
[Site "FICGS email"]
[Date "2009.03.15"]
[Round "1"]
[White "Russi Roman, Tano Urayoan"]
[Black "Riccio, Domenico"]
[Result "1/2-1/2"]
[WhiteElo "1966"]
[BlackElo "2169"]
[PlyCount "34"]
[EventDate "2009.??.??"]
[EventType "tourn (corr)"]
[EventRounds "8"]
[SourceTitle "Corr 2022"]
[Source "ChessBase"]
[SourceDate "2021.10.24"]
[SourceVersion "1"]
[SourceVersionDate "2021.10.24"]
[SourceQuality "1"]

1. c4 e6 2. g3 d5 3. Bg2 Nf6 4. Nf3 Be7 5. 0-0 0-0 6. d4 dxc4 7. Qc2 a6 8. a4 Bd7 9. Rd1 Bc6 10. Nc3 Bxf3 11. Bxf3 Nc6 12. Bxc6 bxc6 13. a5 Rb8 14. Qa4 Bb4 15. Na2 Be7 16. Nc3 Bb4 17. Na2 Be7 1/2-1/2

[Event "FICGS theme 0000 email"]
[Site "FICGS email"]
[Date "2008.09.02"]
[Round "1"]
[White "Bromo, Alexis"]
[Black "Russi Roman, Tano Urayoan"]
[Result "0-1"]
[WhiteElo "1800"]
[BlackElo "1880"]
[PlyCount "48"]
[EventDate "2008.??.??"]
[EventType "swiss (corr)"]
[EventRounds "1"]
[SourceTitle "Corr 2022"]
[Source "ChessBase"]
[SourceDate "2021.10.24"]
[SourceVersion "1"]
[SourceVersionDate "2021.10.24"]
[SourceQuality "1"]

1. d4 Nf6 2. c4 c5 3. d5 b5 4. e3 g6 5. cxb5 a6 6. Nc3 Bg7 7. h3 0-0 8. Nf3 Qa5 9. Bd2 axb5 10. Nxb5 Qb6 11. Bc4 Bb7 12. Bc3 Nxd5 13. Bxg7 Kxg7 14. Bxd5 Qxb5 15. Bxb7 Qxb7 16. b3 Qa6 17. a4 Nc6 18. Qxd7 Rfd8 19. Qg4 Na5 20. b4 Nb3 21. Ra3 Qd3 22. Ne5 Qd2+ 23. Kf1 f5 24. Qe2 Qc1+ 0-1

[Event "FICGS theme 0000 email"]
[Site "FICGS email"]
[Date "2008.09.02"]
[Round "1"]
[White "Russi Roman, Tano Urayoan"]
[Black "Marques, Joao"]
[Result "1-0"]
[WhiteElo "1880"]
[BlackElo "1449"]
[PlyCount "35"]
[EventDate "2008.??.??"]
[EventType "swiss (corr)"]
[EventRounds "1"]
[SourceTitle "Corr 2022"]
[Source "ChessBase"]
[SourceDate "2021.10.24"]
[SourceVersion "1"]
[SourceVersionDate "2021.10.24"]
[SourceQuality "1"]

1. d4 Nf6 2. c4 c5 3. d5 b5 4. cxb5 a6 5. bxa6 Bxa6 6. Nc3 Qb6 7. Nf3 g6 8. g3 Bg7 9. Bg2 0-0 10. 0-0 Re8 11. Qc2 e6 12. dxe6 dxe6 13. Ne5 Ra7 14. Qb3 Qc7 15. Bf4 Qe7 16. Nxf7 Qxf7 17. Bxb8 Nd5 18. Bxa7 1-0

[Event "FICGS W-ch st1 g14 email"]
[Site "FICGS email"]
[Date "2008.07.08"]
[Round "1"]
[White "Denchev, Stanimir"]
[Black "Russi Roman, Tano Urayoan"]
[Result "0-1"]
[WhiteElo "1552"]
[BlackElo "1880"]
[PlyCount "68"]
[EventDate "2008.??.??"]
[EventType "tourn (corr)"]
[EventRounds "8"]
[SourceTitle "Corr 2022"]
[Source "ChessBase"]
[SourceDate "2021.10.24"]
[SourceVersion "1"]
[SourceVersionDate "2021.10.24"]
[SourceQuality "1"]

1. d4 Nf6 2. Nf3 g6 3. c4 c5 4. d5 b5 5. Nbd2 bxc4 6. Nxc4 d6 7. g3 Bb7 8. Ne3 Bg7 9. Bg2 0-0 10. 0-0 Nbd7 11. Ne1 Nb6 12. g4 Rb8 13. g5 Nh5 14. Ng4 Qc8 15. Nh6+ Kh8 16. Rb1 f6 17. e4 Ba6 18. Nd3 Nd7 19. Re1 c4 20. Nf4 c3 21. Qc2 Nxf4 22. Bxf4 fxg5 23. Bxg5 Rxb2 24. Rxb2 cxb2 25. Qxc8 Rxc8 26. Bf1 Bxf1 27. Kxf1 Nc5 28. f3 Nd3 29. Rb1 Rc2 30. Ng4 h5 31. Nh6 Bd4 32. Nf7+ Kg8 33. Nd8 Rf2+ 34. Kg1 Ne5 0-1

[Event "FICGS W-ch st2 g02 email"]
[Site "FICGS email"]
[Date "2008.01.17"]
[Round "1"]
[White "Helmer, Janos"]
[Black "Russi Roman, Tano Urayoan"]
[Result "1-0"]
[WhiteElo "2279"]
[BlackElo "1903"]
[PlyCount "27"]
[EventDate "2008.??.??"]
[EventType "tourn (corr)"]
[EventRounds "8"]
[SourceTitle "Corr 2022"]
[Source "ChessBase"]
[SourceDate "2021.10.24"]
[SourceVersion "1"]
[SourceVersionDate "2021.10.24"]
[SourceQuality "1"]

1. c4 e5 2. Nc3 Nc6 3. g3 f5 4. Bg2 Nf6 5. d3 Bb4 6. Bd2 0-0 7. Nf3 d6 8. 0-0 a5 9. Rc1 h6 10. a3 Bxc3 11. Bxc3 a4 12. e3 Qe8 13. Nd2 Bd7 14. Re1 1-0

[Event "FICGS W-ch st2 g02 email"]
[Site "FICGS email"]
[Date "2008.01.17"]
[Round "1"]
[White "Russi Roman, Tano Urayoan"]
[Black "Lacrosse, Marc"]
[Result "0-1"]
[WhiteElo "1903"]
[BlackElo "2397"]
[PlyCount "28"]
[EventDate "2008.??.??"]
[EventType "tourn (corr)"]
[EventRounds "8"]
[SourceTitle "Corr 2022"]
[Source "ChessBase"]
[SourceDate "2021.10.24"]
[SourceVersion "1"]
[SourceVersionDate "2021.10.24"]
[SourceQuality "1"]

1. c4 Nf6 2. g3 g6 3. Bg2 Bg7 4. Nf3 0-0 5. 0-0 d5 6. d4 dxc4 7. Na3 c3 8. bxc3 c5 9. Qb3 Nc6 10. Rd1 Na5 11. Qb2 Bf5 12. Ne5 Rc8 13. Bf4 cxd4 14. cxd4 Nd7 0-1

[Event "FICGS W-ch st1 g17 email"]
[Site "FICGS email"]
[Date "2007.07.11"]
[Round "1"]
[White "Faust, Dieter"]
[Black "Russi Roman, Tano Urayoan"]
[Result "0-1"]
[WhiteElo "1675"]
[BlackElo "1899"]
[PlyCount "58"]
[EventDate "2007.??.??"]
[EventType "tourn (corr)"]
[EventRounds "8"]
[SourceTitle "Corr 2022"]
[Source "ChessBase"]
[SourceDate "2021.10.24"]
[SourceVersion "1"]
[SourceVersionDate "2021.10.24"]
[SourceQuality "1"]

1. e4 c6 2. d4 d5 3. e5 c5 4. dxc5 Nc6 5. Bb5 e6 6. Be3 Nge7 7. c3 Bd7 8. Bxc6 Bxc6 9. Nf3 Nf5 10. Bd4 a5 11. 0-0 a4 12. Na3 Be7 13. Qd3 0-0 14. Rfe1 Qd7 15. Qd2 Rfc8 16. Qf4 Nxd4 17. cxd4 b6 18. Ng5 Qe8 19. cxb6 Rab8 20. Re2 Rxb6 21. Rc1 Rcb8 22. Rcc2 Bb7 23. Qe3 h6 24. Nf3 Ba6 25. Red2 R8b7 26. h3 Qb8 27. Qc3 Kh7 28. Rd1 Rxb2 29. Ne1 Bxa3 0-1

[Event "FICGS rapid B 000035 email"]
[Site "FICGS email"]
[Date "2007.02.04"]
[Round "1"]
[White "Gray, Garvin"]
[Black "Russi Roman, Tano Urayoan"]
[Result "0-1"]
[WhiteElo "1500"]
[BlackElo "1700"]
[PlyCount "96"]
[EventDate "2007.??.??"]
[EventType "tourn (rapid)"]
[EventRounds "6"]
[SourceTitle "Corr 2022"]
[Source "ChessBase"]
[SourceDate "2021.10.24"]
[SourceVersion "1"]
[SourceVersionDate "2021.10.24"]
[SourceQuality "1"]

1. e4 c5 2. Nf3 e6 3. d4 cxd4 4. Nxd4 Qb6 5. Nc3 Bc5 6. Na4 Qa5+ 7. c3 Bxd4 8. Qxd4 Nf6 9. Bf4 Nc6 10. Qc4 e5 11. Be3 0-0 12. 0-0-0 Rd8 13. f3 d5 14. exd5 Rxd5 15. Nc5 Rxd1+ 16. Kxd1 Nd7 17. Na4 e4 18. Qxe4 Nf6 19. Qc4 Be6 20. Qb5 Qc7 21. Nc5 Bxa2 22. Qxb7 Qd6+ 23. Kc1 Rb8 24. Qa6 Qe5 25. Bd2 Qxc5 26. Qxa2 Na5 27. Kc2 Nd5 28. Qa4 Nb3 29. Qxb3 Rxb3 30. Kxb3 Qf2 31. Bc1 Kf8 32. h4 a5 33. Bb5 Nc7 34. Bd3 Qxg2 35. Rf1 Ne6 36. Be3 Qh3 37. Kc2 Qxh4 38. Be4 h5 39. Rd1 Qg3 40. Bb6 a4 41. Ba5 h4 42. Bb4+ Kg8 43. Bd6 Qf2+ 44. Rd2 Qb6 45. Kd1 Ng5 46. Bc5 Qc7 47. Bd6 Qc4 48. Bd3 Qc6 0-1

[Event "FICGS rapid B 000035 email"]
[Site "FICGS email"]
[Date "2007.02.04"]
[Round "1"]
[White "Russi Roman, Tano Urayoan"]
[Black "Behrmann, Klaus"]
[Result "1-0"]
[WhiteElo "1700"]
[BlackElo "1775"]
[PlyCount "41"]
[EventDate "2007.??.??"]
[EventType "tourn (rapid)"]
[EventRounds "6"]
[SourceTitle "Corr 2022"]
[Source "ChessBase"]
[SourceDate "2021.10.24"]
[SourceVersion "1"]
[SourceVersionDate "2021.10.24"]
[SourceQuality "1"]

1. Nf3 d5 2. d4 Nf6 3. c4 e6 4. g3 dxc4 5. Bg2 a6 6. Ne5 Bb4+ 7. Nc3 Nd5 8. Bd2 Nb6 9. e3 Bd6 10. f4 N8d7 11. 0-0 0-0 12. Qe2 Nxe5 13. fxe5 Be7 14. Rf2 c5 15. Rd1 cxd4 16. exd4 f6 17. exf6 Rxf6 18. Bf4 Nd5 19. Nxd5 exd5 20. Re1 Re6 21. Be5 1-0

[Event "FICGS class C 000028 email"]
[Site "FICGS email"]
[Date "2007.02.04"]
[Round "1"]
[White "Russi Roman, Tano Urayoan"]
[Black "Khachaturov, Vadim"]
[Result "1/2-1/2"]
[WhiteElo "1700"]
[BlackElo "1733"]
[PlyCount "65"]
[EventDate "2007.??.??"]
[EventType "tourn (corr)"]
[EventRounds "4"]
[SourceTitle "Corr 2022"]
[Source "ChessBase"]
[SourceDate "2021.10.24"]
[SourceVersion "1"]
[SourceVersionDate "2021.10.24"]
[SourceQuality "1"]

1. Nf3 Nf6 2. c4 g6 3. g3 Bg7 4. Bg2 0-0 5. 0-0 d6 6. Nc3 e5 7. b4 Nc6 8. b5 Nd4 9. Rb1 a6 10. a4 axb5 11. axb5 Bg4 12. d3 c6 13. Bg5 h6 14. Bd2 Nxf3+ 15. Bxf3 Bxf3 16. exf3 Nd7 17. Qc1 Kh7 18. bxc6 bxc6 19. Ne4 d5 20. cxd5 cxd5 21. Nd6 Ra6 22. Nb5 Qf6 23. Qc7 Qe6 24. Rfe1 Rfa8 25. Nd4 Qd6 26. Nb5 Qc6 27. Rec1 Qe6 28. Qc2 Ra2 29. Qd1 Qf5 30. Be1 Nf6 31. Rc7 Ne8 32. Rb7 Qe6 33. Nc3 1/2-1/2